Planing Projects (Record no. 343656)

000 -LEADER
fixed length control field 00514 a2200181 4500
003 - CONTROL NUMBER IDENTIFIER
control field OSt
005 - DATE AND TIME OF LATEST TRANSACTION
control field 20180116182650.0
008 - FIXED-LENGTH DATA ELEMENTS--GENERAL INFORMATION
fixed length control field 170824b xxu||||| |||| 00| 0 eng d
020 ## - INTERNATIONAL STANDARD BOOK NUMBER
International Standard Book Number 8173590958
040 ## - CATALOGING SOURCE
Transcribing agency 0
082 ## - DEWEY DECIMAL CLASSIFICATION NUMBER
Classification number 353.00823 YOU 1996
100 ## - MAIN ENTRY--PERSONAL NAME
Personal name Trevor L. Young.
245 ## - TITLE STATEMENT
Title Planing Projects
Remainder of title Managers Pocket Guides
Statement of responsibility, etc. Trevor L. Young
260 ## - PUBLICATION, DISTRIBUTION, ETC.
Place of publication, distribution, etc. New Delhi
Name of publisher, distributor, etc. Sterling Publishers PTV. LTD.
Date of publication, distribution, etc. 1996
300 ## - PHYSICAL DESCRIPTION
Extent 150p.
Other physical details pb.
440 ## - SERIES STATEMENT/ADDED ENTRY--TITLE
Title Planing Projects
942 ## - ADDED ENTRY ELEMENTS (KOHA)
Institution code [OBSOLETE] NBS
Koha item type Book
Call number prefix 353.00823 YOU 1996
Source of classification or shelving scheme
Holdings
Withdrawn status Lost status Source of classification or shelving scheme Damaged status Not for loan Permanent Location Current Location Date acquired Total Checkouts Full call number Barcode Date last seen Date last checked out Price effective from Koha item type
          Central Library (CL) Central Library (CL) 08/28/2013 2 353.00823 YOU 1996 NBS2263 11/23/2017 08/28/2017 08/28/2013 Book
© 2023 Central Library, National University of Sciences and Technology. All Rights Reserved.